000 00385nam a2200145Ia 4500
008 230711s9999||||xx |||||||||||||| ||und||
041 _aENG
082 _a624
_bSU-T
100 _aSubramanya,K
245 0 _aTheory and application of fluid mechanics
250 _a1st
260 _c1993
_aNew Delhi
_bTata McGraw Hill Education Limited
650 _aMechanical Engineering
942 _cBK
999 _c2553
_d2553